Bioquímica II de la estructura a la función y a la transformación molecular (Registro nro. 54840)
[ vista simple ]
| 000 -ENCABEZADO | |
|---|---|
| Número de control [NR] | 01420nam a2200349Ia 4500 |
| 005 - FECHA Y HORA DE LA ÚLTIMA TRANSACCIÓN | |
| control field | 20190212145628.0 |
| 008 - DE LONGITUD FIJA DE DATOS DE ELEMENTOS - INFORMACIÓN GENERAL | |
| Elementos de longitud fija [NR] | 130821s2007 ck gr spa |
| 020 ## - NUMERO INTERNACIONAL NORMALIZADO PARA LIBROS [R] | |
| ISBN Cancelado/ Invalidado [R] | 9588298900 |
| 040 ## - FUENTE DE CATALOGACION [NR] | |
| Agencia de catalogación original [NR] | Co-BoUCM |
| Idioma de catalogación [NR] | spa |
| Quien Cataloga | Saul Niño (Modificó) |
| Quien Clasifica | [Nuevo] |
| 041 00 - CODIGO DE IDIOMA [R] | |
| Código de idioma para texto/pista de sonido o título separado [R] | Español |
| 060 ## - SIGNATURA TOPOGRAFICA DE LA BIBLIOTECA NACIONAL DE MEDICINA (NLM) [R] | |
| Número clasificador [R] | QU 4 |
| 100 1# - ASIENTO PRINCIPAL--NOMBRE PERSONAL [NR] | |
| Nombre personal [NR] | Garzón, Ruth |
| ID Autoridad | 76708 |
| 245 10 - MENCION DE TITULO [NR] | |
| Título [NR] | Bioquímica II de la estructura a la función y a la transformación molecular |
| Parte restante del título [NR] | la pregunta como base de la inquietud científica : Orientaciones para aprender a aprender |
| Mención de responsabilidad, etc. [NR] | Ruth Garzón, Lilia del Riesgo, María Orfa Rojas |
| 250 ## - MENCION DE EDICION [NR] | |
| Mención de edición [NR] | Segunda edición |
| 260 ## - PUBLICACION, DISTRIBUCION, ETC. (PIE DE IMPRENTA) [R] | |
| Lugar de publicación, distribución, etc. [R] | Bogotá (Colombia) |
| Nombre del editor, distribuidor, etc. [R] | Editorial Universidad del Rosario |
| Fecha de publicación, distribución, etc. [R] | 2007 |
| 300 ## - DESCRIPCION FISICA [R] | |
| Extensión [R] | 84 páginas |
| 490 ## - MENCION DE SERIE [R] | |
| Mención de serie [R] | Lecciones de Medicina |
| 650 04 - ASIENTO SECUNDARIO DE MATERIA - TERMINO TEMATICO [R] | |
| Término temático o nombre geográfico como elemento de entrada [NR] | Aminoácidos |
| 9 (RLIN) | 8900 |
| 650 04 - ASIENTO SECUNDARIO DE MATERIA - TERMINO TEMATICO [R] | |
| Término temático o nombre geográfico como elemento de entrada [NR] | Bioenergética |
| 9 (RLIN) | 10098 |
| 650 04 - ASIENTO SECUNDARIO DE MATERIA - TERMINO TEMATICO [R] | |
| Término temático o nombre geográfico como elemento de entrada [NR] | Bioquímica |
| 9 (RLIN) | 10154 |
| 650 04 - ASIENTO SECUNDARIO DE MATERIA - TERMINO TEMATICO [R] | |
| Término temático o nombre geográfico como elemento de entrada [NR] | Células |
| 9 (RLIN) | 10643 |
| 650 04 - ASIENTO SECUNDARIO DE MATERIA - TERMINO TEMATICO [R] | |
| Término temático o nombre geográfico como elemento de entrada [NR] | Glicolisis |
| 9 (RLIN) | 16457 |
| 650 04 - ASIENTO SECUNDARIO DE MATERIA - TERMINO TEMATICO [R] | |
| Término temático o nombre geográfico como elemento de entrada [NR] | Hidratos de carbono |
| Subdivisión general [R] | Metabolismo |
| 9 (RLIN) | 16803 |
| 650 04 - ASIENTO SECUNDARIO DE MATERIA - TERMINO TEMATICO [R] | |
| Término temático o nombre geográfico como elemento de entrada [NR] | Lipidos |
| Subdivisión general [R] | Metabolismo |
| 9 (RLIN) | 18574 |
| 650 04 - ASIENTO SECUNDARIO DE MATERIA - TERMINO TEMATICO [R] | |
| Término temático o nombre geográfico como elemento de entrada [NR] | Proteínas |
| 9 (RLIN) | 22655 |
| 700 1# - ASIENTO SECUNDARIO - NOMBRE PERSONAL [R] | |
| Nombre personal [NR] | Riesgo, Lilia del |
| 9 (RLIN) | 76709 |
| 700 1# - ASIENTO SECUNDARIO - NOMBRE PERSONAL [R] | |
| Nombre personal [NR] | Rojas Losada, María Orfa |
| 9 (RLIN) | 76707 |
| 710 1# - ASIENTO SECUNDARIO - NOMBRE CORPORATIVO [R] | |
| Nombre corporativo o de jurisdicción como elemento de entrada [NR] | Universidad Colegio Mayor de Nuestra Señor del Rosario. |
| Unidad subordinada [R] | Facultad de Medicina |
| 9 (RLIN) | 95087 |
| 856 ## - LOCALIZACION Y ACCESO ELECTRONICOS [R] | |
| Nota dirigida al público [R] | Consulte la Portada y la Tabla de Contenido haciendo clic aquí |
| Identificador Uniforme del Recurso (“URI”) [R] | <a href="http://hdl.handle.net/10336/859">http://hdl.handle.net/10336/859</a> |
| 942 ## - ELEMENTOS DE ENTRADA AGREGADOS (KOHA) | |
| Tipo de ítem principal el descrito en 300a | Edición Rosarista |
| Sistema de clasificación | NLM |
| Tema principal | Medicina |
| Edición | 2 |
| Clasificación | QU 4 |
| Parte restante de la signatura top. | G245b2 |
| Título oculto en OPAC | No |
| Fecha de último préstamo | Total préstamos | Signatura topográfica | Código de barras | Última vez visto | Volúmen / Fascículo | Ejemplar | Price effective from | Tipo de ítem | Perdido | Sistema de clasificación | Dañado | No prestable | Tipo de ítem específico | Suprimido | Ubicación habitual | Ubicación actual | Localización | Fecha de creación | Forma de adquisición | Costo | Total Renewals |
|---|---|---|---|---|---|---|---|---|---|---|---|---|---|---|---|---|---|---|---|---|---|
| 04/03/2008 | 574.192 G245b2 | 100089400 | 28/02/2022 | 2a.Ed. | Ej.5 | 03/02/2013 | Edición Rosarista | DEWEY | Libro Edición Rosarista | Bodega | Bodega | Préstamo 4 días después de solicitado | 28/02/2013 | Memoria institucional | 26000.00 | ||||||
| 05/08/2008 | QU 4 G245b2 | 200016517 | 01/12/2025 | 2a.Ed. | Ej.6 | 03/02/2013 | Libro | NLM | Libro | Hospital Universitario Mayor | Hospital Universitario Mayor | 9no piso | 19/02/2013 | Memoria institucional | 26000.00 | ||||||
| 13/02/2023 | 22 | QU 4 G245b2 | 200015793 | 12/12/2025 | 2a.Ed. | Ej.4 | 03/02/2013 | Libro | NLM | Libro | Quinta de Mutis | Quinta de Mutis | 1er piso | 19/02/2013 | Memoria institucional | 26000.00 | 2 | ||||
| 05/07/2011 | 5 | QU 4 G245b2 | 200015789 | 12/12/2025 | 2a.Ed. | Ej.1 | 03/02/2013 | Libro | NLM | Libro | Quinta de Mutis | Quinta de Mutis | 1er piso | 19/02/2013 | Memoria institucional | 26000.00 | |||||
| 26/02/2013 | 17 | QU 4 G245b2 | 200015790 | 12/12/2025 | 2a.Ed. | Ej.2 | 03/02/2013 | Libro | NLM | Libro | Quinta de Mutis | Quinta de Mutis | 1er piso | 19/02/2013 | Memoria institucional | 26000.00 | |||||
| 28/02/2023 | 26 | QU 4 G245b2 | 200015794 | 12/12/2025 | 2a.Ed. | Ej.3 | 03/02/2013 | Libro | NLM | Libro | Quinta de Mutis | Quinta de Mutis | 1er piso | 19/02/2013 | Memoria institucional | 26000.00 | 2 |